|
|
|
|
| LEADER |
00000nam0a2200000 4500 |
| 001 |
300270 |
| 005 |
20231102001302.0 |
| 035 |
|
|
|a (RuTPU)RU\TPU\book\325423
|
| 090 |
|
|
|a 300270
|
| 100 |
|
|
|a 20150708d1982 m y0rusy50 ca
|
| 101 |
0 |
|
|a rus
|
| 102 |
|
|
|a RU
|
| 105 |
|
|
|a a j 001zy
|
| 200 |
1 |
|
|a Современные приборы для измерения после механической обработки
|e учебное пособие
|f Ф. В. Цидулко, В. А. Редкозубова
|g Научно-техническое общество машиностроительной промышленности (НТО Машпром), Центральное правление
|
| 210 |
|
|
|a Москва
|c Машиностроение
|d 1982
|
| 215 |
|
|
|a 40 с.
|c ил.
|
| 225 |
1 |
|
|a Университет технического прогресса в машиностроении
|
| 320 |
|
|
|a Библиогр.: с. 39
|
| 606 |
1 |
|
|a Контрольно-измерительные инструменты и приборы в машиностроении
|2 stltpush
|3 (RuTPU)RU\TPU\subj\15557
|9 41792
|
| 610 |
1 |
|
|a механическая обработка
|
| 610 |
1 |
|
|a приборы
|
| 610 |
1 |
|
|a метрологические характеристики
|
| 610 |
1 |
|
|a измерительные головки
|
| 610 |
1 |
|
|a стойки
|
| 610 |
1 |
|
|a штативы
|
| 610 |
1 |
|
|a кругломеры
|
| 610 |
1 |
|
|a учебные пособия
|
| 675 |
|
|
|a 621.002.56(075.8)
|v 4
|
| 700 |
|
1 |
|a Цидулко
|b Ф. В.
|g Феликс Вольфович
|
| 701 |
|
1 |
|a Редкозубова
|b В. А.
|g Валентина Алексеевна
|
| 712 |
0 |
2 |
|a Научно-техническое общество машиностроительной промышленности (НТО Машпром)
|b Центральное правление
|f (1955-1985)
|2 stltpush
|3 (RuTPU)RU\TPU\col\21679
|
| 801 |
|
1 |
|a RU
|b 63413507
|c 20150708
|
| 801 |
|
2 |
|a RU
|b 63413507
|c 20190415
|g RCR
|
| 942 |
|
|
|c BK
|